خز ا ين ا لا نو ا ر (Record no. 185124)

MARC details
000 -LEADER
fixed length control field 00698nam a22001937a 4500
005 - DATE AND TIME OF LATEST TRANSACTION
control field 20220128122451.0
010 ## - LCCN (DPL NO)
LC control number UR-11413
020 ## - INTERNATIONAL STANDARD BOOK NUMBER
Terms of availability 128.00
International Standard Book Number 9789390533145
035 ## - SYSTEM CONTROL NUMBER
System control number U-9968
037 ## - SOURCE OF ACQUISITION
Source of stock number/acquisition DBAD/PUB
Stock number dpl
082 ## - DEWEY DECIMAL CLASSIFICATION NUMBER
Classification number 270.920
100 ## - MAIN ENTRY--PERSONAL NAME
Personal name محمد منيف ا لد ين قر يشی
245 ## - TITLE STATEMENT
Title خز ا ين ا لا نو ا ر
Statement of responsibility, etc محمد منيف ا لد ين قر يشی
246 ## - VARYING FORM OF TITLE
Remainder of title ‏Khaza-e-Nul Anwaar (Urdu)
Title proper/short title by M. Munifuddin Qureshi
260 ## - PUBLICATION, DISTRIBUTION, ETC. (IMPRINT)
Place of publication, distribution, etc Delhi
Name of publisher, distributor, etc Educational Publishing House
Date of publication, distribution, etc 2020 ء
270 ## - ADDRESS
Address 3191,Vakil Street,Kucha Pandit,Lal Kuan,
City Delhi
Postal code 110006
Telephone number 23216162
Fax number -
300 ## - PHYSICAL DESCRIPTION
Extent 198 ص
Dimensions 22 Cm(Hb)
942 ## - ADDED ENTRY ELEMENTS (KOHA)
Source of classification or shelving scheme Dewey Decimal Classification
Item type Urdu Bks
Classification part 270.920
Call number suffix م ح م
Holdings
Withdrawn status Lost status Not for loan Collection code Home library Current library Date acquired Source of acquisition Cost, normal purchase price Full call number Barcode Copy number Cost, replacement price Koha item type
    Not For Loan Non-fiction D.B.Act.Division Central Library 28/01/2022 DBAD/PUB 128.00 270.920 م ح م U-9968 1 128.00 Urdu Bks

© Delhi Public Library
Hit Counter
free hit counter